000 00453nam a2200157Ia 4500
008 210210b1973 xxu||||| |||| 00| 0 eng d
020 _a0 02 418010 6
082 _a547 STRI
100 _aSTREITWIESER (Andrew) & HEATHCOCK (Clayton H).
245 _aIntroduction to organic chemistry.
260 _aNew York
_bMacmillan Publishers Ltd.
_c1973
300 _axvi,1279
650 _aOrganic Chemistry
690 _aOrganic Chemistry
906 _aCC00183
999 _c108972
_d108972